| 000 | 00776nam a2200253 a 4500 | ||
|---|---|---|---|
| 001 | 29205 | ||
| 003 | BD-RjUL | ||
| 005 | 20211209051402.0 | ||
| 008 | 140402s1959 ne a 001 0 eng d | ||
| 035 |
_aCURL 020000276228(Edi) from wsc126 _a(BD-RjUL)29290 |
||
| 040 |
_aDLC/ICU _cCGU _dBD-RjUL _beng |
||
| 041 | _aeng | ||
| 082 |
_a149.9 _bMAT 1959 |
||
| 100 | 1 |
_aMartin, R. M. _q(Richard Milton), _d1916- _989148 |
|
| 245 | 1 | 0 |
_aToward a systematic pragmatics / _cby R.M. Martin. |
| 260 |
_aAmsterdam : _bNorth-Holland, _c1959. |
||
| 300 |
_axv, 107 p. ; _c22 cm. |
||
| 504 | _aIncludes index. | ||
| 650 | 0 |
_aPragmatics. _989149 |
|
| 830 | 0 |
_aStudies in logic and the foundations of mathematics _995338 |
|
| 942 |
_2ddc _cBK |
||
| 999 |
_c29205 _d29205 |
||